Zahraniční obchod Měsíčník pro otázky zahraničního obchodu

Enregistré dans:
Détails bibliographiques
Format: Publication en série
Langue:tchèque
Publié: Praha Rapid 1979
Tags: Ajouter un tag
Pas de tags, Soyez le premier à ajouter un tag!

MARC

LEADER 00000nas2a2200000 4500
001 0017237
005 20250730114353.0
041 0 |a cze 
044 |a CZ 
245 1 0 |a Zahraniční obchod  |b Měsíčník pro otázky zahraničního obchodu 
264 1 |a Praha  |b Rapid  |c 1979 
300 |a 1 zv. 
773 0 |w eu_un_cat*s120478